000 00265nam a22001097a 4500
082 _a910 POU"B
100 _aPOUNTS, N. J. G
_959571
245 _aBEYOND THE OCEANS EURASIC AFRICA AUSTRALIA
260 _aNEWYORK
_bRAND MCNALLY
_c1957
300 _a471P
942 _cBK
999 _c569515
_d569515